Countries by number of medical schools - Statistics

General Stats
  • This quiz has been taken 158 times
  • The average score is 16 of 21
Answer Stats
Number of schools Answer % Correct
33 United Kingdom
100%
172 United States
100%
67 Russia
97%
147 China
95%
35 France
95%
39 Germany
94%
341 India
94%
259 Brazil
93%
76 Japan
92%
41 Italy
91%
38 Spain
91%
40 Mexico
86%
40 South Korea
78%
94 Pakistan
74%
51 Indonesia
70%
51 Iran
65%
57 Turkey
65%
36 Colombia
50%
44 Philippines
50%
32 Malaysia
47%
30 Sudan
7%
No matching quizzes found
Score Distribution
Percent of People with Each Score
Percentile by Number Answered
Your Score History
You have not taken this quiz